[Event "zonal 1.2 (w)"]
[Site "Dresden GER"]
[Date "1998.??.??"]
[Round "8"]
[White "Mihevc, Narcisa"]
[Black "Janevska, Aleksandra"]
[Result "1-0"]
[WhiteElo "2205"]
[BlackElo "2015"]
[EventDate "1998.04.28"]
[PlyCount "93"]

1.e4 e5 2.Nf3 Nc6 3.Nc3 Nf6 4.a3 d6 5.d4 Be7 6.Bb5 Bd7 7.dxe5 dxe5 8.Qd3 
Bd6 9.Bg5 h6 10.Bh4 g5 11.Bg3 Qe7 12.O-O O-O-O 13.Rfe1 Nh5 14.Nd5 Qe8 15.
c4 Nxg3 16.hxg3 Qe6 17.b4 Bf8 18.Qe3 Kb8 19.Bxc6 Bxc6 20.Rad1 Be7 21.b5 
Bd7 22.a4 b6 23.Nxe7 Qxe7 24.c5 f6 25.Rc1 h5 26.a5 bxc5 27.Rxc5 Bc8 28.b6 
cxb6 29.axb6 axb6 30.Rc6 Rd7 31.Qxb6+ Rb7 32.Qa6 Ra7 33.Rb1+ Bb7 34.Qb6 
Qd8 35.Rxf6 Qxb6 36.Rfxb6 Ka8 37.Nxg5 Rg8 38.f4 Re8 39.Kh2 Ba6 40.R1b2 
exf4 41.gxf4 Bd3 42.e5 Bf5 43.Rf6 Bg4 44.Ne4 Ra4 45.Nd6 Re7 46.Rf8+ Ka7 
47.Nb5+ 1-0

[Event "zonal 1.2 (w)"]
[Site "Dresden GER"]
[Date "1998.??.??"]
[Round "8"]
[White "Pahtz, Elisabeth"]
[Black "Lematschko, Tatjana"]
[Result "1-0"]
[WhiteElo "2160"]
[BlackElo "2275"]
[EventDate "1998.04.28"]
[PlyCount "123"]

1.e4 c6 2.d4 d5 3.exd5 cxd5 4.c4 Nf6 5.Nc3 e6 6.Nf3 Be7 7.cxd5 Nxd5 8.Bd3 
Nc6 9.O-O a6 10.Re1 Nf6 11.Bg5 Kf8 12.Bc2 h6 13.Be3 Nb4 14.Bb3 Nbd5 15.Ne5
Bb4 16.Qd3 Nxc3 17.bxc3 Bd6 18.Bd2 Bd7 19.Qh3 Be8 20.Rad1 Qc7 21.c4 Rd8 
22.Bf4 b6 23.Rc1 Nd7 24.c5 bxc5 25.Nxd7+ Bxd7 26.Bxd6+ Qxd6 27.dxc5 Qc7 
28.Red1 Ke7 29.Rd6 Bc8 30.Qh4+ g5 31.Qd4 Rhg8 32.Rd1 Qa5 33.Ba4 Qc7 34.h3 
Rgf8 35.Qe5 Qa5 36.Bc6 f6 37.Qd4 Qc7 38.Ba4 Rg8 39.Bb3 Rde8 40.Ba4 Rd8 41.
Qe4 f5 42.Qe5 Kf7 43.Rd7+ Rxd7 44.Rxd7+ Qxd7 45.Bxd7 Bxd7 46.Qc7 Ke7 47.c6
Rd8 48.cxd7 Rxd7 49.Qc6 Rd6 50.Qc5 Kd7 51.Qe5 Rd1+ 52.Kh2 Rd2 53.Qg7+ Kd6 
54.Qxh6 Rxf2 55.Qxg5 Rxa2 56.h4 Rc2 57.h5 Rc8 58.h6 f4 59.Qxf4+ Kd5 60.h7 
a5 61.Qd2+ Ke5 62.Qb2+ 1-0

[Event "zonal 1.2 (w)"]
[Site "Dresden GER"]
[Date "1998.??.??"]
[Round "8"]
[White "Puljek-Salai, Zorica"]
[Black "Olbrich, Marina"]
[Result "0-1"]
[WhiteElo "2195"]
[BlackElo "2330"]
[EventDate "1998.04.28"]
[PlyCount "64"]

1.e4 c6 2.d4 d5 3.Nc3 g6 4.Nf3 Bg7 5.h3 Nf6 6.e5 Ne4 7.Nxe4 dxe4 8.Ng5 c5 
9.d5 Bxe5 10.Nxe4 O-O 11.c3 Qc7 12.Bh6 Rd8 13.Qf3 Bf5 14.Bc4 Bxe4 15.Qxe4 
Nd7 16.f4 Bd6 17.O-O-O Nf6 18.Qf3 Rab8 19.Rhf1 b5 20.Be2 c4 21.g4 b4 22.g5
Nh5 23.Rd4 bxc3 24.Qxc3 Bb4 25.Rxc4 Qa5 26.Qe5 Qxa2 27.Rf2 Bd6 28.Qc3 Rxb2
29.Qxb2 Ba3 30.Qxa3 Qxa3+ 31.Kc2 Qe3 32.Rh2 Qg1 0-1

[Event "zonal 1.2 (w)"]
[Site "Dresden GER"]
[Date "1998.??.??"]
[Round "8"]
[White "Rodic-Kures, Gordana"]
[Black "Heinatz, Gundula"]
[Result "0-1"]
[WhiteElo "2060"]
[BlackElo "2205"]
[EventDate "1998.04.28"]
[PlyCount "58"]

1.Nf3 c5 2.e4 Nc6 3.d3 g6 4.g3 Bg7 5.Bg2 e6 6.Qe2 Nge7 7.h4 h5 8.c3 d6 9.
Be3 e5 10.Na3 Bg4 11.Qd2 Qd7 12.Nc2 O-O 13.Bh6 d5 14.Bxg7 Kxg7 15.O-O Rad8
16.Qe1 d4 17.c4 f5 18.exf5 Qxf5 19.Nd2 Qxd3 20.Be4 Qe2 21.Qc1 Bh3 22.Bg2 
Bxg2 23.Kxg2 Nf5 24.Qd1 d3 25.Qe1 Nxh4+ 26.gxh4 Qg4+ 27.Kh2 dxc2 28.Qe3 
Rxd2 29.Qxd2 Rf3 0-1

[Event "zonal 1.2 (w)"]
[Site "Dresden GER"]
[Date "1998.??.??"]
[Round "9"]
[White "Grosar, Kiti"]
[Black "Lematschko, Tatjana"]
[Result "1-0"]
[WhiteElo "2225"]
[BlackElo "2275"]
[EventDate "1998.04.28"]
[PlyCount "69"]

1.e4 e5 2.Nf3 Nc6 3.d4 exd4 4.Nxd4 Qf6 5.Nxc6 Bc5 6.Qd2 dxc6 7.Nc3 Be6 8.
Na4 Rd8 9.Bd3 Bd4 10.O-O a6 11.Qa5 Be5 12.Be3 g5 13.Rad1 h6 14.Be2 Rxd1 
15.Rxd1 Ne7 16.Nc5 O-O 17.Nxb7 Ng6 18.Qxa6 Nf4 19.Bf1 Bg4 20.Rd2 Bxb2 21.
Nc5 Re8 22.Qc4 Bc1 23.Rd4 Bxe3 24.fxe3 Ng6 25.Nd3 Rb8 26.e5 Nxe5 27.Nxe5 
Qxe5 28.Re4 Qf5 29.Rxg4 c5 30.Re4 Rb1 31.Re8+ Kg7 32.Qc3+ Kg6 33.Qd3 c4 
34.Rg8+ Kf6 35.Qd8+ 1-0

[Event "zonal 1.2 (w)"]
[Site "Dresden GER"]
[Date "1998.??.??"]
[Round "9"]
[White "Janevska, Aleksandra"]
[Black "Koskoska, Gabriela"]
[Result "1/2-1/2"]
[WhiteElo "2015"]
[BlackElo "2200"]
[EventDate "1998.04.28"]
[PlyCount "24"]

1.d4 d5 2.c4 e6 3.Nc3 Nf6 4.Bg5 c6 5.Nf3 Nbd7 6.cxd5 exd5 7.e3 Be7 8.Bd3 
O-O 9.O-O Re8 10.Qc2 Nf8 11.Rac1 Ne4 12.Bxe7 Qxe7 1/2-1/2

[Event "zonal 1.2 (w)"]
[Site "Dresden GER"]
[Date "1998.??.??"]
[Round "9"]
[White "Werner, Veronika"]
[Black "Rodic-Kures, Gordana"]
[Result "1-0"]
[WhiteElo "2225"]
[BlackElo "2060"]
[EventDate "1998.04.28"]
[PlyCount "95"]

1.e4 c5 2.c3 Nf6 3.e5 Nd5 4.d4 cxd4 5.Nf3 Nc6 6.Bc4 Nb6 7.Bb3 d5 8.exd6 e6
9.cxd4 Bxd6 10.Nc3 Ne7 11.O-O Bd7 12.Re1 O-O 13.Qd3 Ng6 14.Bc2 Nd5 15.a3 
Nxc3 16.bxc3 Bc6 17.a4 Rc8 18.Bd2 Bxf3 19.Qxf3 Qc7 20.g3 b6 21.Bd3 Qc6 22.
Qe2 Qd5 23.Rab1 Rc7 24.Qe3 Re7 25.c4 Qa8 26.Be4 Qc8 27.Rec1 Rc7 28.Qe2 e5 
29.d5 f5 30.Bg2 f4 31.Be4 Qe8 32.a5 Bc5 33.Rf1 Rf6 34.Bb4 Bxb4 35.Rxb4 Qf8
36.Rb3 Qf7 37.axb6 axb6 38.Rfb1 Qd7 39.Rxb6 f3 40.Bxf3 Qf5 41.Be4 Qg5 42.
Rxf6 gxf6 43.Bxg6 Qxg6 44.Rd1 e4 45.d6 Rd7 46.c5 f5 47.Qc4+ Kg7 48.Qd4+ 
1-0

[Event "zonal 1.2 (w)"]
[Site "Dresden GER"]
[Date "1998.??.??"]
[Round "9"]
[White "Medic, Mirjana"]
[Black "Werner, Isabel"]
[Result "1-0"]
[WhiteElo "2275"]
[BlackElo "2215"]
[EventDate "1998.04.28"]
[PlyCount "101"]

1.Nf3 d6 2.d4 Bg4 3.c4 Nd7 4.Nc3 c6 5.g3 Bxf3 6.exf3 e6 7.Bg2 d5 8.cxd5 
cxd5 9.O-O Ngf6 10.Bf4 a6 11.Rc1 Rc8 12.Qb3 Nh5 13.Nxd5 Nxf4 14.Nxf4 Bd6 
15.Nd3 Rb8 16.Nc5 Nxc5 17.dxc5 Be7 18.Rfd1 Qc7 19.Qa4+ Qc6 20.Qxc6+ bxc6 
21.f4 Rc8 22.Rc4 Rc7 23.Ra4 Bxc5 24.Rxa6 Ke7 25.Rxc6 Rxc6 26.Bxc6 Rd8 27.
Rc1 Kd6 28.Be4 h6 29.a3 f5 30.Bf3 g5 31.fxg5 hxg5 32.Rd1+ Kc7 33.Rxd8 Kxd8
34.Kg2 Bd4 35.b4 Bb2 36.a4 Bc3 37.b5 Kc7 38.h4 gxh4 39.gxh4 Kb6 40.Bc6 e5 
41.Bd7 f4 42.Kf3 Kc7 43.Bc6 Kd6 44.Ke4 Ke6 45.b6 Ba5 46.b7 Bc7 47.h5 Bb8 
48.f3 Bc7 49.a5 Bd6 50.a6 Bb8 51.h6 1-0

[Event "zonal 1.2 (w)"]
[Site "Dresden GER"]
[Date "1998.??.??"]
[Round "9"]
[White "Olbrich, Marina"]
[Black "Deno, Mara"]
[Result "1-0"]
[WhiteElo "2330"]
[BlackElo "2180"]
[EventDate "1998.04.28"]
[PlyCount "85"]

1.d4 Nf6 2.Nf3 g6 3.c4 Bg7 4.Nc3 O-O 5.e4 d6 6.h3 e5 7.d5 a5 8.Bg5 h6 9.
Be3 Nfd7 10.g4 Nc5 11.Rg1 Nba6 12.Nd2 Qh4 13.Nb3 Nxb3 14.Qxb3 Nc5 15.Qc2 
Bf6 16.Nb5 Bd8 17.O-O-O Bd7 18.Kb1 b6 19.f3 Kh7 20.Bg2 Qe7 21.Qd2 Rg8 22.
Nc3 Qf8 23.f4 exf4 24.Bxf4 Bf6 25.Rgf1 Bg7 26.Rf2 Qe7 27.e5 dxe5 28.d6 
cxd6 29.Bxa8 exf4 30.Bg2 f5 31.Nd5 Qe5 32.Re2 Ne4 33.Bxe4 fxe4 34.Qxf4 Rf8
35.Qxe5 Bxe5 36.Rxe4 Kg7 37.Re2 b5 38.c5 Bc6 39.cxd6 Bxd6 40.Re6 Bxd5 41.
Rxd5 Rf1+ 42.Kc2 Rf2+ 43.Rd2 1-0

[Event "zonal 1.2 (w)"]
[Site "Dresden GER"]
[Date "1998.??.??"]
[Round "9"]
[White "Pitam, Ella"]
[Black "Mihevc, Narcisa"]
[Result "1-0"]
[WhiteElo "2320"]
[BlackElo "2205"]
[EventDate "1998.04.28"]
[PlyCount "69"]

1.c4 e5 2.Nc3 Nc6 3.Nf3 g6 4.d4 exd4 5.Nxd4 Bg7 6.Nxc6 bxc6 7.g3 Nf6 8.Bg2
O-O 9.O-O Ng4 10.Qc2 Qe7 11.h3 Ne5 12.b3 f5 13.Be3 d6 14.Qd2 Bd7 15.Rad1 
a6 16.Bg5 Qe8 17.Rfe1 Nf7 18.Be3 Qe7 19.Bd4 Bxd4 20.Qxd4 Nd8 21.c5 Nf7 22.
e4 Rae8 23.e5 d5 24.Bxd5 Be6 25.Bxc6 Ng5 26.h4 Rd8 27.Qb4 Rxd1 28.Rxd1 
Nh3+ 29.Kg2 Nxf2 30.Kxf2 f4 31.Kg1 fxg3 32.Bg2 Bc8 33.Qd4 Qf7 34.Rf1 Bf5 
35.Bd5 1-0

[Event "zonal 1.2 (w)"]
[Site "Dresden GER"]
[Date "1998.??.??"]
[Round "9"]
[White "Schmid, Shahanah"]
[Black "Heinatz, Gundula"]
[Result "1-0"]
[WhiteElo "2130"]
[BlackElo "2205"]
[EventDate "1998.04.28"]
[PlyCount "99"]

1.d4 d5 2.c4 e6 3.Nc3 c5 4.cxd5 exd5 5.Nf3 Nc6 6.g3 Nf6 7.Bg2 Be7 8.O-O 
O-O 9.Bg5 cxd4 10.Nxd4 h6 11.Be3 Re8 12.h3 Bf8 13.Rc1 a6 14.Nxc6 bxc6 15.
Na4 Bd7 16.Bc5 Ne4 17.e3 Rb8 18.Qd4 Qa5 19.Bxf8 Rxf8 20.b3 Rfe8 21.Rfd1 
Qd8 22.Nc5 Nxc5 23.Rxc5 Rb5 24.a4 Rxc5 25.Qxc5 Qc8 26.Kh2 Re5 27.Rd4 Rh5 
28.h4 g5 29.Bf3 g4 30.Bd1 Re5 31.Qd6 Re4 32.Qxh6 Qb8 33.Rxe4 dxe4 34.Qg5+ 
Kf8 35.Bxg4 Bxg4 36.Qxg4 Qxb3 37.Qc8+ Kg7 38.Qxc6 Qd3 39.Qc5 f6 40.Qd4 Qc2
41.Kg2 Kg6 42.g4 Qc6 43.Qd8 Qe6 44.Kh3 Qc4 45.Qe8+ Kg7 46.Kg2 a5 47.h5 f5 
48.Qe7+ Kh6 49.Qf6+ Kh7 50.h6 1-0

[Event "zonal 1.2 (w)"]
[Site "Dresden GER"]
[Date "1998.??.??"]
[Round "10"]
[White "Heinatz, Gundula"]
[Black "Borek, Jutta"]
[Result "1/2-1/2"]
[WhiteElo "2205"]
[BlackElo "2070"]
[EventDate "1998.04.28"]
[PlyCount "91"]

1.d4 d5 2.Nf3 c6 3.g3 Bg4 4.Bg2 Nd7 5.O-O e6 6.Ne5 Bh5 7.c4 Bd6 8.Nxd7 
Qxd7 9.c5 Bc7 10.Nc3 f5 11.f4 Nf6 12.b4 O-O 13.a4 a6 14.Qd3 Ne4 15.Bd2 h6 
16.Rab1 Nxc3 17.Bxc3 Rfb8 18.Bd2 Bd8 19.Rb2 Bf6 20.Rfb1 Qc8 21.e3 Qc7 22.
Qb3 Be2 23.Be1 Bc4 24.Qd1 Qf7 25.Rc2 g6 26.Bf3 Kg7 27.Rg2 h5 28.h4 Qd7 29.
Rgb2 Be7 30.Bc3 Bf6 31.Kh2 Qe7 32.Kh3 Qd7 33.Be2 b5 34.cxb6 Bxe2 35.Qxe2 
Rxb6 36.Rc2 Qb7 37.Rbc1 Rc8 38.Bd2 Kf7 39.Qd3 Ke8 40.Rc5 Be7 41.Qc2 Kd7 
42.Rb1 Rb8 43.Rb2 Rc8 44.Rb1 Qa8 45.Rc1 Rbb8 46.Qc3 1/2-1/2

[Event "zonal 1.2 (w)"]
[Site "Dresden GER"]
[Date "1998.??.??"]
[Round "10"]
[White "Deno, Mara"]
[Black "Janevska, Aleksandra"]
[Result "1-0"]
[WhiteElo "2180"]
[BlackElo "2015"]
[EventDate "1998.04.28"]
[PlyCount "81"]

1.Nf3 Nf6 2.g3 g6 3.Bg2 Bg7 4.c4 c5 5.Nc3 Nc6 6.d3 O-O 7.Bd2 Rb8 8.Qc1 b6 
9.Bh6 Bb7 10.Bxg7 Kxg7 11.O-O d5 12.cxd5 Nxd5 13.h4 Nf6 14.Bh3 Nd4 15.Ne5 
Qd6 16.f4 Nd5 17.Rf2 e6 18.e3 Nc6 19.Nb5 Qe7 20.e4 Nf6 21.Nxc6 Bxc6 22.Nc3
Rfd8 23.Qf1 Nh5 24.Kh2 Kg8 25.Rd1 Bb7 26.Qe1 Rd7 27.Qe3 Rbd8 28.e5 Ng7 29.
Rfd2 Nf5 30.Bxf5 gxf5 31.Nb5 Ba8 32.Nd6 Rxd6 33.exd6 Rxd6 34.d4 cxd4 35.
Rxd4 Qb7 36.Qg1 Qf3 37.Rf1 Qc6 38.Rxd6 Qxd6 39.Rd1 Qc7 40.Qd4 Qb7 41.Qd8+ 
1-0

[Event "zonal 1.2 (w)"]
[Site "Dresden GER"]
[Date "1998.??.??"]
[Round "10"]
[White "Lematschko, Tatjana"]
[Black "Medic, Mirjana"]
[Result "0-1"]
[WhiteElo "2275"]
[BlackElo "2275"]
[EventDate "1998.04.28"]
[PlyCount "166"]

1.Nf3 d5 2.g3 c6 3.Bg2 Bg4 4.d3 Nd7 5.h3 Bxf3 6.Bxf3 Ngf6 7.O-O e6 8.Nc3 
Qc7 9.e4 dxe4 10.Nxe4 Nxe4 11.Bxe4 Nf6 12.Re1 Bd6 13.Bg2 O-O 14.Bd2 Rae8 
15.a3 Nd7 16.Bb4 f5 17.Bc3 e5 18.d4 e4 19.Qe2 Nf6 20.Bd2 Kh8 21.Bg5 f4 22.
Bxf6 Rxf6 23.gxf4 Rxf4 24.Qh5 g6 25.Qe2 Qe7 26.Qe3 Qh4 27.Qg3 Qf6 28.Qe3 
Re7 29.Qd2 g5 30.Re3 g4 31.Rae1 gxh3 32.Bxh3 Rg7+ 33.Kf1 Rf7 34.R1e2 Rh4 
35.Qc3 c5 36.d5 Be5 37.Qxc5 Bd4 38.Qc8+ Rf8 39.Qe6 Qg5 40.Rxe4 Qc1+ 41.Kg2
Rxe4 42.Qxe4 Rg8+ 43.Bg4 Bxb2 44.Qf5 Qg5 45.Qxg5 Rxg5 46.Kf3 Bxa3 47.Re8+ 
Rg8 48.Re4 Rf8+ 49.Ke2 Bc5 50.f3 a5 51.Rc4 b6 52.Be6 Ra8 53.Bd7 Ra7 54.Bb5
Kg7 55.Rg4+ Kf6 56.Kd3 h5 57.Re4 Re7 58.Rh4 Kg5 59.Rh3 h4 60.Kc4 Rf7 61.
Kb3 Rf4 62.c3 Kf5 63.Bc6 Ke5 64.Rh1 Kd6 65.Rh3 Bf2 66.Bb5 Bg3 67.Be2 Kxd5 
68.Rh1 Kc5 69.Kc2 b5 70.Rb1 b4 71.Ra1 Kb6 72.cxb4 Rxb4 73.Bf1 a4 74.Bh3 
Be5 75.Ra2 Ka5 76.Kd3 Bb2 77.Ke3 a3 78.Be6 Rb6 79.Bf5 Kb4 80.Be4 Rd6 81.
Bh7 h3 82.Kf2 h2 83.Kg2 Rh6 0-1

[Event "zonal 1.2 (w)"]
[Site "Dresden GER"]
[Date "1998.??.??"]
[Round "10"]
[White "Koglin, Anke"]
[Black "Grosar, Kiti"]
[Result "1/2-1/2"]
[WhiteElo "2205"]
[BlackElo "2225"]
[EventDate "1998.04.28"]
[PlyCount "96"]

1.e4 d5 2.exd5 Qxd5 3.Nc3 Qa5 4.d4 c6 5.Nf3 Bf5 6.Bc4 Nf6 7.Bd2 e6 8.Ne4 
Qb6 9.Nxf6+ gxf6 10.Bb3 Rg8 11.c3 Bd6 12.g3 Nd7 13.Bc2 Qb5 14.a4 Qd5 15.
Bxf5 Qxf5 16.O-O O-O-O 17.Qe2 Rg4 18.a5 Rdg8 19.a6 b6 20.Ne1 h5 21.Qf3 
Qxf3 22.Nxf3 h4 23.Kg2 hxg3 24.fxg3 f5 25.Kf2 Nf6 26.Ke2 Ne4 27.Kd3 f6 28.
Be3 Rh8 29.Kc2 f4 30.gxf4 Bxf4 31.Rae1 Rh3 32.Kd3 Bxh2 33.Nxh2 Rxh2 34.Rg1
Ng3 35.b4 Kd7 36.d5 cxd5 37.Bxb6 Ne4 38.Rxg4 axb6 39.Rgxe4 dxe4+ 40.Rxe4 
b5 41.a7 Ra2 42.Rh4 Kd6 43.Rh7 Kc6 44.Re7 Kd6 45.Rb7 Kc6 46.Re7 Kd6 47.Rb7
Kc6 48.Re7 Kd6 1/2-1/2

[Event "zonal 1.2 (w)"]
[Site "Dresden GER"]
[Date "1998.??.??"]
[Round "10"]
[White "Mihevc, Narcisa"]
[Black "Werner, Veronika"]
[Result "1/2-1/2"]
[WhiteElo "2205"]
[BlackElo "2225"]
[EventDate "1998.04.28"]
[PlyCount "110"]

1.e4 c5 2.Nf3 d6 3.d4 cxd4 4.Nxd4 Nf6 5.Nc3 g6 6.Be3 Bg7 7.f3 O-O 8.Qd2 
Nc6 9.O-O-O Nxd4 10.Bxd4 Be6 11.Kb1 Qc7 12.g4 Rfc8 13.h4 Qa5 14.Qg5 Qxg5 
15.hxg5 Nd7 16.Bxg7 Kxg7 17.Rh4 Rh8 18.f4 Nb6 19.Be2 Rad8 20.a4 a5 21.f5 
Bc8 22.Nd5 Nxd5 23.Rxd5 b6 24.Rh3 f6 25.gxf6+ Kxf6 26.g5+ Kg7 27.Rc3 Rhf8 
28.Bg4 Bb7 29.Rd4 gxf5 30.exf5 Bc8 31.Rd5 Bb7 32.Rb5 Be4 33.Rc7 Rf7 34.
Rxe7 Rxe7 35.f6+ Kf8 36.fxe7+ Kxe7 37.Rxb6 Kf7 38.Rb5 Kg6 39.Rxa5 d5 40.
Be2 Kxg5 41.Ra7 h5 42.Rg7+ Kf6 43.Rg3 h4 44.Rh3 Rh8 45.Bg4 Kg5 46.Be6 Re8 
47.Bd7 Re7 48.Bc8 Rc7 49.Be6 Bxc2+ 50.Ka2 d4 51.a5 d3 52.Rh2 Re7 53.Bc4 
Kg4 54.Rd2 h3 55.Bxd3 h2 1/2-1/2

[Event "zonal 1.2 (w)"]
[Site "Dresden GER"]
[Date "1998.??.??"]
[Round "10"]
[White "Olbrich, Marina"]
[Black "Pitam, Ella"]
[Result "1/2-1/2"]
[WhiteElo "2330"]
[BlackElo "2320"]
[EventDate "1998.04.28"]
[PlyCount "92"]

1.d4 d5 2.Bf4 Nf6 3.e3 c5 4.c3 Nc6 5.Nd2 Qb6 6.Qb3 c4 7.Qxb6 axb6 8.a3 b5 
9.Rc1 Bf5 10.f3 h6 11.g4 Bg6 12.Nh3 e6 13.Bg3 Be7 14.Nf4 Bh7 15.h4 g5 16.
Nh3 Nd7 17.hxg5 hxg5 18.Nf2 Nb6 19.Bg2 Kd7 20.Nf1 Na4 21.Nd1 Bd3 22.Rxh8 
Rxh8 23.Nd2 f5 24.Bf1 f4 25.exf4 gxf4 26.Bxf4 Bh4+ 27.Nf2 Nxb2 28.Ra1 Rf8 
29.Be3 e5 30.dxe5 Nxe5 31.Be2 Re8 32.Nf1 Ng6 33.Ra2 d4 34.cxd4 c3 35.Rxb2 
Nf4 36.Ra2 Nxe2 37.Rxe2 c2 38.Rxc2 Bxc2 39.Kd2 Bg6 40.Nd3 Bxd3 41.Kxd3 Be7
42.Nd2 Ra8 43.Nb1 Bxa3 44.f4 Be7 45.g5 b4 46.f5 Ra1 1/2-1/2

[Event "zonal 1.2 (w)"]
[Site "Dresden GER"]
[Date "1998.??.??"]
[Round "10"]
[White "Rodic-Kures, Gordana"]
[Black "Koskoska, Gabriela"]
[Result "1-0"]
[WhiteElo "2060"]
[BlackElo "2200"]
[EventDate "1998.04.28"]
[PlyCount "103"]

1.Nf3 c5 2.g3 Nf6 3.Bg2 e6 4.d3 Be7 5.O-O O-O 6.e4 Nc6 7.Re1 b6 8.e5 Ne8 
9.d4 Bb7 10.Nc3 Nxd4 11.Nxd4 Bxg2 12.Nxe6 fxe6 13.Kxg2 Qc7 14.Qe2 a6 15.a4
Rf5 16.Qe4 Qb8 17.h4 g6 18.g4 Rf7 19.Bg5 Ng7 20.Bxe7 Rxe7 21.Rad1 Rf7 22.
Rd3 Qf8 23.Rf3 Re8 24.Rd1 h5 25.Rxf7 Qxf7 26.f3 hxg4 27.fxg4 Rf8 28.Qe3 
Qe7 29.Kg3 Ne8 30.Ne4 Kg7 31.Qg5 Qf7 32.Qe3 Nc7 33.c4 Rd8 34.Qg5 Rf8 35.
Qe3 Rd8 36.Ng5 Qe7 37.Rf1 Rf8 38.Rd1 b5 39.b3 bxc4 40.bxc4 Rb8 41.Qd3 Rd8 
42.Rf1 d5 43.Nf7 Qxf7 44.Rxf7+ Kxf7 45.h5 Rf8 46.h6 d4 47.Qf3+ Ke8 48.Qc6+
Kd8 49.Qxc5 g5 50.Qxd4+ Kc8 51.Qd6 Rh8 52.Qe7 1-0

[Event "zonal 1.2 (w)"]
[Site "Dresden GER"]
[Date "1998.??.??"]
[Round "10"]
[White "Schmid, Shahanah"]
[Black "Puljek-Salai, Zorica"]
[Result "0-1"]
[WhiteElo "2130"]
[BlackElo "2195"]
[EventDate "1998.04.28"]
[PlyCount "46"]

1.d4 d6 2.c4 Nd7 3.Nc3 e5 4.Nf3 Ngf6 5.Bg5 Be7 6.e3 O-O 7.Qc2 c6 8.Bd3 h6 
9.Bxf6 Bxf6 10.O-O-O Qa5 11.Kb1 a6 12.g4 b5 13.h4 Be7 14.h5 bxc4 15.Bh7+ 
Kh8 16.g5 exd4 17.exd4 Bxg5 18.Nxg5 Qxg5 19.Rdg1 Qf4 20.Ne2 Qxf2 21.Rf1 
Qe3 22.Qxc4 Kxh7 23.Rxf7 Qe4+ 0-1

[Event "zonal 1.2 (w)"]
[Site "Dresden GER"]
[Date "1998.??.??"]
[Round "11"]
[White "Borek, Jutta"]
[Black "Werner, Isabel"]
[Result "1/2-1/2"]
[WhiteElo "2070"]
[BlackElo "2215"]
[EventDate "1998.04.28"]
[PlyCount "84"]

1.c4 e5 2.Nc3 Nc6 3.g3 d6 4.Bg2 Be6 5.d3 Qd7 6.Nd5 Nd8 7.e4 c6 8.Ne3 g6 9.
d4 f6 10.d5 Bf7 11.Bh3 Qc7 12.Ne2 c5 13.Qa4+ Ke7 14.Nc3 Be8 15.Qc2 Kf7 16.
f4 Kg7 17.fxe5 fxe5 18.O-O Be7 19.Nb5 Qb8 20.a4 a6 21.Nc3 b6 22.Qe2 Nf6 
23.Bd2 h5 24.Rf2 Nb7 25.Rb1 Qc7 26.Ng2 Na5 27.b3 Nh7 28.Nh4 Qd8 29.Nf3 Ng5
30.Nxg5 Bxg5 31.Be6 Ra7 32.Nd1 Bf7 33.Bxf7 Rxf7 34.Rxf7+ Kxf7 35.h4 Bxd2 
36.Qxd2 Kg7 37.Ne3 Rf8 38.Kg2 Qd7 39.Qe2 Rf6 40.Nf1 Nb7 41.Nd2 Nd8 42.Rf1 
Rxf1 1/2-1/2

[Event "zonal 1.2 (w)"]
[Site "Dresden GER"]
[Date "1998.??.??"]
[Round "11"]
[White "Janevska, Aleksandra"]
[Black "Lematschko, Tatjana"]
[Result "1/2-1/2"]
[WhiteElo "2015"]
[BlackElo "2275"]
[EventDate "1998.04.28"]
[PlyCount "130"]

1.Nf3 Nf6 2.d4 e6 3.c4 b6 4.Nc3 Bb7 5.e3 Bb4 6.Qb3 a5 7.a3 Bxc3+ 8.Qxc3 
Ne4 9.Qc2 f5 10.Rb1 O-O 11.Bd3 d6 12.O-O Qf6 13.b4 axb4 14.axb4 Ra7 15.c5 
Bd5 16.Nd2 Ra2 17.Rb2 Rxb2 18.Bxb2 Nc6 19.Bc3 Nxc3 20.Qxc3 bxc5 21.bxc5 
Ra8 22.cxd6 cxd6 23.Bc4 Ne7 24.Bxd5 Nxd5 25.Qc6 Qf8 26.g3 Rd8 27.Nf3 h6 
28.Rb1 Nf6 29.Rb7 Kh7 30.Qc4 Nd5 31.Qa6 Ra8 32.Ra7 Rxa7 33.Qxa7 Qe8 34.Qa6
Qb8 35.Qa2 Qc8 36.Qb2 Qc6 37.Ne1 Nf6 38.Qc2 Qb7 39.Ng2 g5 40.h4 Kg6 41.
hxg5 hxg5 42.Qc4 Qb1+ 43.Qf1 Qb6 44.Qc1 d5 45.Qc2 Qa6 46.Qd2 Qa1+ 47.Qe1 
Qa2 48.Qf1 Ne4 49.Ne1 g4 50.Nd3 Kf6 51.Kg2 Qd2 52.Nf4 Qc2 53.Qe2 Qc8 54.
Qb5 Qc2 55.Qe2 Qc4 56.Qb2 Qc7 57.Qa3 Nd6 58.Qa1 Qc2 59.Qa8 Qc8 60.Qxc8 
Nxc8 61.Kf1 Ke7 62.Ke2 Nd6 63.Ng6+ Kf6 64.Nf4 Ne4 65.Nd3 Ke7 1/2-1/2

[Event "zonal 1.2 (w)"]
[Site "Dresden GER"]
[Date "1998.??.??"]
[Round "11"]
[White "Koskoska, Gabriela"]
[Black "Heinatz, Gundula"]
[Result "1/2-1/2"]
[WhiteElo "2200"]
[BlackElo "2205"]
[EventDate "1998.04.28"]
[PlyCount "43"]

1.e4 c5 2.Nc3 Nc6 3.f4 e6 4.Nf3 Be7 5.Bb5 Nd4 6.O-O a6 7.Bd3 d6 8.Kh1 Bd7 
9.Nxd4 cxd4 10.Ne2 Qb6 11.c3 dxc3 12.dxc3 Nf6 13.Nd4 e5 14.Nf5 Bxf5 15.
exf5 O-O 16.Qe2 Rad8 17.Be3 Qc6 18.Rae1 e4 19.Bc2 d5 20.Bd4 Bc5 21.Rd1 
Bxd4 22.Rxd4 1/2-1/2

[Event "zonal 1.2 (w)"]
[Site "Dresden GER"]
[Date "1998.??.??"]
[Round "11"]
[White "Olbrich, Marina"]
[Black "Koglin, Anke"]
[Result "1-0"]
[WhiteElo "2330"]
[BlackElo "2205"]
[EventDate "1998.04.28"]
[PlyCount "75"]

1.d4 d5 2.Bf4 Nf6 3.e3 c5 4.c3 Nc6 5.Nd2 Qb6 6.Qb3 g6 7.Ngf3 Bg7 8.Be2 O-O
9.O-O c4 10.Qa3 Qd8 11.b3 b5 12.Qc5 Qb6 13.Qxb6 axb6 14.a4 cxb3 15.axb5 
Rxa1 16.Rxa1 Na5 17.Bc7 Be6 18.Bxb6 Nc4 19.Bc7 b2 20.Ra2 Ne4 21.Bxc4 dxc4 
22.Nb1 Bd5 23.Rxb2 Ra8 24.h4 Ra1 25.Kh2 Nxf2 26.b6 Bb7 27.Rxf2 Rxb1 28.Ra2
Bd5 29.e4 Be6 30.d5 Bd7 31.Ra8+ Bf8 32.Bf4 Kg7 33.Bc7 e6 34.Nd2 Rb5 35.
Nxc4 exd5 36.exd5 Bc5 37.Ra7 Rb1 38.Be5+ 1-0

[Event "zonal 1.2 (w)"]
[Site "Dresden GER"]
[Date "1998.??.??"]
[Round "11"]
[White "Puljek-Salai, Zorica"]
[Black "Rodic-Kures, Gordana"]
[Result "0-1"]
[WhiteElo "2195"]
[BlackElo "2060"]
[EventDate "1998.04.28"]
[PlyCount "94"]

1.e4 c5 2.Nc3 Nc6 3.f4 e6 4.Nf3 d5 5.d3 dxe4 6.Nxe4 Nf6 7.Qe2 Be7 8.c3 b6 
9.Be3 Ba6 10.Nxf6+ Bxf6 11.O-O-O Rc8 12.g4 Nd4 13.Bxd4 cxd4 14.c4 b5 15.b3
O-O 16.g5 Be7 17.h4 Bb7 18.Bg2 a5 19.h5 Bxf3 20.Bxf3 Qd6 21.Rh4 Qa3+ 22.
Qb2 Qc5 23.Kb1 a4 24.Be4 axb3 25.axb3 Rc7 26.Rh3 Qb6 27.Rdh1 Bb4 28.Bxh7+ 
Kxh7 29.g6+ Kg8 30.h6 fxg6 31.Qg2 Rf6 32.hxg7 Rxg7 33.Rh8+ Kf7 34.Qa8 Rxf4
35.R1h7 Rxh7 36.Rxh7+ Kf6 37.Rb7 Qd6 38.Qh8+ Kg5 39.Rxb5+ Rf5 40.Rb8 Rf1+ 
41.Kc2 Qg3 42.Qd8+ Kh5 43.Qh8+ Kg4 44.Qxd4+ Rf4 45.Qxf4+ Kxf4 46.Rxb4 Qf2+
47.Kd1 Kf3 0-1